| 000 | 01163nam a2200301 i 4500 | ||
|---|---|---|---|
| 001 | bg | ||
| 100 | 1 | _aSKUBIS, Jerzy | |
| 245 | 1 | 0 |
_aEmisja akustyczna w badaniach izolacji urządzeń elektroenergetycznych / _cJerzy Skubis ; Polska Akademia Nauk. Instytut Podstawowych Problemów Techniki. |
| 250 | _aWyd. 2. | ||
| 260 |
_aOpole : _bPO, _c1998. |
||
| 300 |
_a240 s. : _bfot., rys., wykr. ; _c24 cm. |
||
| 490 | 1 |
_aStudia i Monografie / Politechnika Opolska, _x1429-6063 ; _vz. 99 |
|
| 500 | _aSpis treści także ang. | ||
| 504 | _aBibliogr. s. 230-236. | ||
| 650 | 9 |
_aAkustyka _xstosowanie _xtechnika |
|
| 650 | 9 |
_aDiagnostyka techniczna _xmetody |
|
| 650 | 9 |
_aElektroenergetyka _xurządzenia _xbadanie |
|
| 650 | 9 |
_aIzolacje elektryczne _xbadanie |
|
| 650 | 9 |
_aWyładowania elektryczne _xpomiary |
|
| 655 | _aPodręczniki akademickie | ||
| 710 | 0 | _aINSTYTUT PODSTAWOWYCH PROBLEMÓW TECHNIKI Polskiej Akademii Nauk (Warszawa) | |
| 830 | 0 |
_aStudia i Monografie (Politechnika Opolska) ; _vz. 99 |
|
| 040 | _cBPK | ||
| 041 | 0 | _apl | |
| 080 | _a621.31:534.8:621.315.6:537.5:621.317](075.8) | ||
| 942 | _cKS | ||
| 008 | s pl f |000 0 pol | ||
| 999 |
_c33184 _d33184 |
||
| 856 |
_uhttp://koha.tu.koszalin.pl/cgi-bin/koha/opac-detail.pl?biblionumber=33184 _yKatalog online BPK |
||